Представление документа в формате MARC21

Поле Инд. ПП Название Значение
Тип записи a
Библиографический уровень b
001 Контрольный номер 72ca3ff998794dd08ceabf039b89bcfb
005 Дата корректировки 20210908160226.9
024 80 a Стандартный номер DOI: 10.3367/UFNe.0186.201604b.0387
040 a Служба первич. каталог. Web of Science
041 0_ a Код языка текста rus
097 a Костяева О.Г.
100 1_ a Автор -
100 1_ b Династ. номер 000091434
q Полное имя Калиновский Юрий Леонидович
g Прочие сведения РИНЦ AuthorID: 10994 (http://elibrary.ru/author_items.asp?authorid=10994); Scopus Author ID: 6701716933 (https://www.scopus.com/authid/detail.uri?authorId=6701716933); ResearcherID: C-1499-2015 (http://www.researcherid.com/rid/C-1499-2015)
u Дополнение Калиновский Ю. Л.; Kalinovsky Yu L.
a Автор Kalinovsky Yu. L.
245 10 a Заглавие Phase diagram of baryon matter in the SU(2) Nambu - Jona-Lasinio model with a Polyakov loop
550 a Прим. об изд. организации Кафедра высшей математики; Общеуниверситетские кафедры
773 18 t Название источника Physics-Uspekhi
d Место и дата издания 2016
w Контрольный № источника 271c1318afe54c3bba74688ba6b251f5
901 t Тип документа b
952 c Вид литературы статья в журнале